Methods for Solving Systems of Nonlinear Equations

Αποθηκεύτηκε σε:
Λεπτομέρειες βιβλιογραφικής εγγραφής
Κύριος συγγραφέας: Rheinboldt, Werner C.
Μορφή: Βιβλίο
Γλώσσα:English
Δημοσίευση: Philadelphia : Society for Industrial and Applied Mathematics, c1974 (1987 printing)
Σειρά:CBMS-NSF regional conference series in applied mathematics
Θέματα:
Ετικέτες: Προσθήκη ετικέτας
Δεν υπάρχουν, Καταχωρήστε ετικέτα πρώτοι!

MARC

LEADER 00000nam a2200000 i 4500
001 1/42746
008 950315s1974 eng d
020 |a 0-89871-011-1 
035 |a 1995  |c ΠΑΠΑΔΟΠΟΥΛΟΣ  |l 10041845 
040 |a GR-MY-UA  |b gre  |e aacr 
041 0 |a eng 
082 0 |a 512.942 
100 1 |a Rheinboldt, Werner C. 
245 1 0 |a Methods for Solving Systems of Nonlinear Equations /  |c Werner C. Rheinboldt 
260 |a Philadelphia :   |b Society for Industrial and Applied Mathematics,   |c c1974 (1987 printing) 
300 |a ix, 104 p.;  |c 25 cm. 
490 1 |a CBMS-NSF regional conference series in applied mathematics 
500 |a Includes bibliographical references 
650 0 0 |a Equations, Simutaneous  |x Data processing. 
650 0 0 |a Nonlinear theories  |x Data processing. 
650 0 0 |a Numerical analysis  |x Data processing. 
830 0 |a CBMS-NSF regional conference series in applied mathematics 
852 |a INST  |b SAMOS  |e 19950315  |h 512.942 RHE  |p 005300005829  |q 005300005829  |t BK  |y 0 
909 |a Σ  |b 039585